• 首页
  • 本馆介绍
  • 公告通知
  • 最新文献
  • 馆藏检索
  • 电子资源
  • 读者导购
  • 参考咨询
  • 我的图书馆
  • 登录
  • 详细信息显示
  • 放入我的书架
  • 预约/预借图书
  • 作者相关作品
  • 分类相关作品
  • 丛书相关作品
  • 出版社相关作品

书目信息

  • 表格格式
  • 工作单格式
  • 卡片格式
题名:
生物化学产品制备技术
    
 
作者: 陈来同 , 唐运 编著
分册: 1  
出版信息: 北京   科学技术文献出版社  2003
页数: 463页
开本: 23cm
丛书名:
单 册:
中图分类: Q599
科图分类:
主题词: 生物制品 , 化工产品 , 生物制品--化工产品--制备 , 生物化学--应用
电子资源:
ISBN: 7-5023-4232-X
000 00862nam0 2200265 450
001 002354432
005 20061122143629.56
010    @a7-5023-4232-X@dCNY45.00
100    @a20030303d2003 em y0chiy0110 ea
101 0  @achi
102    @aCN@b110000
105    @ay z 000yy
200 1  @a生物化学产品制备技术@9sheng wu hua xue chan pin zhi bei ji shu@h1@f陈来同,唐运编著
210    @a北京@c科学技术文献出版社@d2003
215    @a463页@d23cm
330    @a本书力求融科学性、先进性和实用性为一体,介绍了生化产品制备基本技术、氨基酸类生化产品制备技术、酶类生化产品制备技术等具体问题。
606 0  @a生物制品
606 0  @a化工产品
606 0  @a生物制品@x化工产品@x制备
606 0  @a生物化学@x应用
690    @aQ599@v4
701  0 @a陈来同@9chen lai tong@4编著
701  0 @a唐运@9tang yun@4编著
801  0 @aCN@bNLC@c20061122
905    @a10447@dQ599@e125:1
    
    生物化学产品制备技术.1/陈来同,唐运编著.-北京:科学技术文献出版社,2003
    463页;23cm
    
    
    ISBN 7-5023-4232-X:CNY45.00
    本书力求融科学性、先进性和实用性为一体,介绍了生化产品制备基本技术、氨基酸类生化产品制备技术、酶类生化产品制备技术等具体问题。
●
相关链接 在E读中查询图书 在五车中查询图书 在当当中查询图书 在豆瓣中查询图书


正题名:生物化学产品制备技术     索取号:Q599/125:1         预约/预借

序号 登录号 条形码 馆藏地/架位号 状态 备注
1 0394152   203941529   第二样本阅览室/ [索取号:Q599/125:1] 在馆    
2 0394153   203941538   第三借阅区/ [索取号:Q599/125:1] 在馆    
3 0394154   203941547   第三借阅区/ [索取号:Q599/125:1] 在馆    
4 0394155   203941556   第三借阅区/ [索取号:Q599/125:1] 在馆    
5 0394156   203941565   第三借阅区/ [索取号:Q599/125:1] 在馆    
唐山师范学院图书馆 欢迎您!
大连网信软件有限公司© 版权所有